People matter: civic engagement in public governance (Record no. 53304)

MARC details
000 -LEADER
fixed length control field 00774nam a2200193 a 4500
008 - FIXED-LENGTH DATA ELEMENTS--GENERAL INFORMATION
fixed length control field 100407s2009 ||||||||||||||||| || u
020 ## - INTERNATIONAL STANDARD BOOK NUMBER
International Standard Book Number 9789211231724
050 ## - LIBRARY OF CONGRESS CALL NUMBER
Classification number UN-ESA(058)
110 ## - MAIN ENTRY--CORPORATE NAME
Corporate name or jurisdiction name as entry element United Nations Economic and Social Affairs (UNESA)
245 10 - TITLE STATEMENT
Title People matter: civic engagement in public governance
Statement of responsibility, etc. by United Nations Economic and Social Affairs [UN-ESA]
246 ## - VARYING FORM OF TITLE
Title proper/short title World Public Sector Report 2008
260 ## - PUBLICATION, DISTRIBUTION, ETC.
Place of publication, distribution, etc. New York:
Name of publisher, distributor, etc. UNITED NATIONS
Date of publication, distribution, etc. 2009
300 ## - PHYSICAL DESCRIPTION
Extent xix, 139p.: ill.
350 ## - PRICE (NR) (BK AM CF MU VM SE) [OBSOLETE]
Price 0.00
500 ## - GENERAL NOTE
General note World Public Sector Report 2008
650 ## - SUBJECT ADDED ENTRY--TOPICAL TERM
Topical term or geographic name entry element GOOD GOVERNANCE
650 ## - SUBJECT ADDED ENTRY--TOPICAL TERM
Topical term or geographic name entry element CIVIL SOCIETY
995 ## - RECOMMENDATION 995 [LOCAL, UNIMARC FRANCE]
-- CBU-MAIN LIBRARY (Kitwe)
-- 0.00
-- 1
-- AVAILABLE
-- Mar 5, 2013
-- International Publications
Holdings
Withdrawn status Lost status Source of classification or shelving scheme Damaged status Not for loan Home library Current library Shelving location Date acquired Total Checkouts Full call number Barcode Date last seen Price effective from Koha item type
          CBU-MAIN LIBRARY, KITWE. CBU-MAIN LIBRARY, KITWE.   11/30/2022   UN-ESA(058) B562 11/30/2022 11/30/2022 MONOGRAPH